Catálogo público

Biotecnología para ingenieros : sistemas biológicos en procesos tecnológicos / (Record no. 175644)

MARC details
000 -CABECERA
campo de control de longitud fija 01024nam a2200313Ia 4500
001 - NÚMERO DE CONTROL
campo de control dia_4841
003 - IDENTIFICADOR DEL NÚMERO DE CONTROL
campo de control CHAP
005 - FECHA Y HORA DE LA ÚLTIMA TRANSACCIÓN
campo de control 20251023154940.0
008 - DATOS DE LONGITUD FIJA--INFORMACIÓN GENERAL
campo de control de longitud fija 220117s2011 xx 000 0 und d
010 ## - NÚMERO DE CONTROL DE LA BIBLIOTECA DEL CONGRESO
Número de control de LC 175644
020 ## - NÚMERO INTERNACIONAL ESTÁNDAR DEL LIBRO
Número Internacional Estándar del Libro 978-968-18-4708-1
040 ## - FUENTE DE LA CATALOGACIÓN
Centro/agencia transcriptor CHAP
082 ## - NÚMERO DE LA CLASIFICACIÓN DECIMAL DEWEY
Número de clasificación 660.63 B56 2011
245 ## - MENCIÓN DE TÍTULO
Título Biotecnología para ingenieros : sistemas biológicos en procesos tecnológicos /
Mención de responsabilidad, etc. Compilador Alan Scragg ; traducción Leonor Huerta
260 ## - PUBLICACIÓN, DISTRIBUCIÓN, ETC.
Lugar de publicación, distribución, etc. México :
Nombre del editor, distribuidor, etc. Limusa,
Fecha de publicación, distribución, etc. 2011
300 ## - DESCRIPCIÓN FÍSICA
Extensión 412 p.
500 ## - NOTA GENERAL
Nota general Titulo original: Biotechnology for engineers. Biological Sistems Technological Processes
503 ## - NOTA DE HISTORIA BIBLIOGRÁFICA (BK CF MU) [OBSOLETO]
Nota de historia bibliográfica C/e
504 ## - NOTA DE BIBLIOGRAFÍA, ETC.
Nota de bibliografía, etc. Bibliografía: p. 393-395
590 ## - NOTA LOCAL (RLIN)
Nota local TP248.2.B56 2011
650 ## - PUNTO DE ACCESO ADICIONAL DE MATERIA--TÉRMINO DE MATERIA
Término de materia o nombre geográfico como elemento de entrada Biotechnology
9 (RLIN) 154433
650 ## - PUNTO DE ACCESO ADICIONAL DE MATERIA--TÉRMINO DE MATERIA
Término de materia o nombre geográfico como elemento de entrada Biotecnología
9 (RLIN) 12878
700 ## - PUNTO DE ACCESO ADICIONAL--NOMBRE DE PERSONA
Nombre de persona Huerta, Leonor, tr.
9 (RLIN) 156852
700 ## - PUNTO DE ACCESO ADICIONAL--NOMBRE DE PERSONA
Nombre de persona Scragg, Alan, comp.
9 (RLIN) 156853
901 ## - ELEMENTOS DE DATOS A LOCAL LDA (RLIN)
a 660.63 B56 2011
902 ## - ELEMENTOS DE DATOS B LOCAL, LDB (RLIN)
a M
905 ## - ELEMENTOS DE DATOS E LOCAL, LDE (RLIN)
a 5232272011 mx mni 8222223322spa16
942 ## - ELEMENTOS DE PUNTO DE ACCESO ADICIONAL (KOHA)
Tipo de ítem Koha Libro
Fuente del sistema de clasificación o colocación Dewey Decimal Classification
Holdings
Estado de retiro Estado de pérdida Fuente del sistema de clasificación o colocación Estado dañado No para préstamo Código de colección Localización permanente Ubicación/localización actual Ubicación en estantería Fecha de adquisición Información codificada de la localización en otra ubicación Total de préstamos Código de barras Fecha visto por última vez Fecha del último préstamo Número de copia Precio válido a partir de Tipo de ítem Koha Renovaciones totales
    Dewey Decimal Classification     General Ingenieria Agroindustrial Ingenieria Agroindustrial   18/01/2022 1 1 dia_006575 20/03/2023 20/03/2023 3 18/01/2022 Libro  
    Dewey Decimal Classification     General Ingenieria Agroindustrial Ingenieria Agroindustrial   18/01/2022 1 1 dia_006573 23/01/2023 23/01/2023 1 18/01/2022 Libro  
    Dewey Decimal Classification     General Ingenieria Agroindustrial Ingenieria Agroindustrial   18/01/2022 1 3 dia_006574 11/11/2025 04/11/2025 2 18/01/2022 Libro 2